Statistics for Cincinatti Bengals Quiz

Click here to take the quiz!

General Stats

  • This quiz has been taken 48 times
  • The average score is 6 of 8

Answer Stats

Who (Hint)Dey (Answer)% Correct
Star WRAJ Green
97%
QBJoe Burrow
93%
Name of the StadiumPaul Brown Stadium
83%
CoachZac Taylor
77%
Team that they helped vanquish the 21 year playoff droughtBuffalo Bills
77%
Above SchoolLSU
73%
Fastest Guy on team based on 40 yard dashJohn Ross
43%
What AJ stands forAdriel Jeremiah
40%

Score Distribution

Percentile by Number Answered

Percent of People with Each Score

Your Score History

You have not taken this quiz